[Event "Cuiaba Contaud op"]
[Site "Cuiaba"]
[Date "2019.06.01"]
[Round "4"]
[White "Taira, Erick Hideki"]
[Black "Terao, Juliana Sayumi"]
[Result "0-1"]
[WhiteElo "1889"]
[BlackElo "2225"]
[PlyCount "78"]
[EventDate "2019.05.31"]
[EventType "swiss"]
[EventRounds "6"]
[EventCountry "BRA"]
[SourceTitle "EXT 2020"]
[Source "ChessBase"]
[SourceDate "2019.10.17"]
[SourceVersion "1"]
[SourceVersionDate "2019.10.17"]
[SourceQuality "1"]

1. e4 c5 2. Nf3 e6 3. d4 cxd4 4. Nxd4 a6 5. Bd3 Bc5 6. Nb3 Be7 7. Nc3 Nc6 8. Be3 Nf6 9. f4 d6 10. Qf3 Qc7 11. g4 b6 12. 0-0-0 Bb7 13. g5 Nd7 14. Qh3 0-0-0 15. Rhe1 Nb4 16. f5 e5 17. a3 Nxd3+ 18. Rxd3 Kb8 19. Red1 h6 20. gxh6 gxh6 21. Qg2 Rdg8 22. Qf2 h5 23. Kb1 h4 24. f6 Bf8 25. Na4 Bxe4 26. Rc3 Qb7 27. Rg1 Rxg1+ 28. Qxg1 Nc5 29. Nbxc5 dxc5 30. Ka1 Bd5 31. Qd1 Be6 32. Qe1 Bd6 33. Rd3 Bc7 34. Qc1 Rg8 35. c4 Qe4 36. Rc3 Rg2 37. b4 cxb4 38. axb4 Rxh2 39. Bxb6 Bxb6 0-1

[Event "Brasilia IRT U16/18"]
[Site "Brasilia"]
[Date "2018.03.04"]
[Round "6.3"]
[White "Taira, Erick Hideki"]
[Black "Labussiere, Victor"]
[Result "0-1"]
[WhiteElo "1812"]
[BlackElo "1938"]
[PlyCount "106"]
[EventDate "2018.03.02"]
[EventType "swiss"]
[EventRounds "6"]
[EventCountry "BRA"]
[SourceTitle "EXT 2022"]
[Source "ChessBase"]
[SourceDate "2021.10.06"]
[SourceVersion "1"]
[SourceVersionDate "2021.10.06"]
[SourceQuality "1"]

1. e4 c5 2. Nf3 Nc6 3. d4 cxd4 4. Nxd4 g6 5. c4 Nf6 6. Nc3 Nxd4 7. Qxd4 d6 8. Be3 Bg7 9. f3 0-0 10. Qd2 a5 11. b3 Bd7 12. Rd1 Bc6 13. Be2 Nd7 14. 0-0 Nc5 15. Qc2 Qb6 16. Kh1 Rfc8 17. Nd5 Bxd5 18. exd5 a4 19. Rb1 axb3 20. axb3 Ra3 21. Bxc5 dxc5 22. f4 Rca8 23. f5 Qd6 24. fxg6 hxg6 25. Bg4 Ra1 26. Rxa1 Rxa1 27. Rxa1 Bxa1 28. Qe2 Bd4 29. g3 Qa6 30. Kg2 Qd6 31. Bf3 Kf8 32. Qa2 Kg7 33. Qe2 Qf6 34. d6 Qxd6 35. Bxb7 e6 36. Be4 f5 37. Bc2 e5 38. h4 Qf6 39. Bb1 Qb6 40. Bc2 Qc6+ 41. Kh2 e4 42. h5 Qf6 43. hxg6 Qxg6 44. Bd1 Be5 45. Qf2 Qf6 46. Kg2 Qg5 47. b4 Bd4 48. Qf4 Qxf4 49. gxf4 cxb4 50. Kg3 Be3 51. Kh4 Bxf4 52. c5 Kf6 53. Ba4 e3 0-1

[Event "Florianopolis op 4th"]
[Site "Florianopolis"]
[Date "2018.01.22"]
[Round "6"]
[White "Taira, Erick Hideki"]
[Black "Bueno, Alfeu Varela Jr"]
[Result "1/2-1/2"]
[WhiteElo "1752"]
[BlackElo "2271"]
[PlyCount "69"]
[EventDate "2018.01.19"]
[EventType "swiss"]
[EventRounds "10"]
[EventCountry "BRA"]
[SourceTitle "EXT 2019"]
[Source "ChessBase"]
[SourceDate "2018.10.10"]
[SourceVersion "1"]
[SourceVersionDate "2018.10.10"]
[SourceQuality "1"]

1. e4 e6 2. d4 d5 3. Nd2 Nf6 4. e5 Nfd7 5. Bd3 c5 6. c3 Nc6 7. Ne2 cxd4 8. cxd4 f6 9. exf6 Nxf6 10. Nf3 Bd6 11. 0-0 Qc7 12. Bg5 0-0 13. Bh4 Nh5 14. Qc2 h6 15. Bh7+ Kh8 16. Bg6 Rxf3 17. Bxh5 Rf8 18. Bg3 Bd7 19. Rac1 Rf6 20. b4 a6 21. a3 Raf8 22. Bxd6 Qxd6 23. Qc5 Qb8 24. f4 b6 25. Qc3 Qd6 26. g3 Ra8 27. Qd2 Rff8 28. Rc2 Ne7 29. Bg4 Bb5 30. Re1 Bd7 31. Nc1 Rac8 32. Rxc8 Rxc8 33. Nd3 Nc6 34. Qe3 Re8 35. Ne5 1/2-1/2

[Event "Florianopolis op 4th"]
[Site "Florianopolis"]
[Date "2018.01.20"]
[Round "2"]
[White "Lopes, Leonardo Borges"]
[Black "Taira, Erick Hideki"]
[Result "1/2-1/2"]
[WhiteElo "1302"]
[BlackElo "1752"]
[PlyCount "88"]
[EventDate "2018.01.19"]
[EventType "swiss"]
[EventRounds "10"]
[EventCountry "BRA"]
[SourceTitle "CBM 182 Extra"]
[Source "ChessBase"]
[SourceDate "2018.02.23"]
[SourceVersion "1"]
[SourceVersionDate "2018.02.23"]
[SourceQuality "1"]

1. d4 d5 2. c4 c6 3. Nc3 Nf6 4. Bg5 e6 5. e3 Nbd7 6. Nf3 h6 7. Bh4 Be7 8. Be2 dxc4 9. a4 Nd5 10. Bg3 Nxc3 11. bxc3 b5 12. axb5 cxb5 13. 0-0 0-0 14. Ne5 Nxe5 15. Bxe5 Bb7 16. Bh5 Bd6 17. Bg3 a5 18. Qc2 Bxg3 19. fxg3 Qg5 20. Qe2 Be4 21. Rf4 Bd3 22. Qf3 f5 23. h4 Qf6 24. Qc6 Rfb8 25. Kf2 Be4 26. Qc5 g5 27. Rf3 Bxf3 28. Bxf3 Ra6 29. Bb7 Rxb7 30. Qc8+ Qf8 31. Qxb7 Ra8 32. Qxb5 gxh4 33. Qxc4 hxg3+ 34. Kxg3 Qd6+ 35. Kf3 Kf7 36. Qb5 Rg8 37. Qe5 Qc6+ 38. d5 Qxd5+ 39. Qxd5 exd5 40. Rxa5 Ke6 41. Ra6+ Ke5 42. Rxh6 Rc8 43. Rh4 Rxc3 44. Rd4 Rc4 1/2-1/2

[Event "Florianopolis op 4th"]
[Site "Florianopolis"]
[Date "2018.01.19"]
[Round "1"]
[White "Taira, Erick Hideki"]
[Black "Moyses Sobrinho, Elias"]
[Result "0-1"]
[WhiteElo "1752"]
[BlackElo "1901"]
[PlyCount "112"]
[EventDate "2018.01.19"]
[EventType "swiss"]
[EventRounds "10"]
[EventCountry "BRA"]
[SourceTitle "CBM 182 Extra"]
[Source "ChessBase"]
[SourceDate "2018.02.23"]
[SourceVersion "1"]
[SourceVersionDate "2018.02.23"]
[SourceQuality "1"]

1. c4 Nf6 2. Nc3 g6 3. Nf3 Bg7 4. g3 0-0 5. Bg2 d5 6. cxd5 Nxd5 7. 0-0 c6 8. d4 Nxc3 9. bxc3 Be6 10. Ba3 Bc4 11. Re1 Re8 12. Nd2 Ba6 13. e3 Nd7 14. Rc1 Qa5 15. Qb3 e6 16. Bb4 Qh5 17. Ne4 Nb6 18. c4 Nd7 19. Nd6 Red8 20. d5 exd5 21. cxd5 c5 22. Bc3 Ne5 23. Bxe5 Qxe5 24. Nc4 Bxc4 25. Rxc4 b6 26. e4 Qb2 27. e5 Bxe5 28. Qxb2 Bxb2 29. Re7 Rd6 30. Rc7 Bd4 31. Rc2 Re8 32. Kf1 a6 33. Re2 Kf8 34. Rxe8+ Kxe8 35. Rc6 Ke7 36. Rxd6 Kxd6 37. Ke2 c4 38. h3 Kc5 39. a3 Bb2 40. a4 Kb4 41. d6 Kxa4 42. d7 Bf6 43. Kd2 Kb3 44. Kc1 b5 45. Bd5 Kc3 46. f4 g5 47. fxg5 Bxg5+ 48. Kb1 Kd2 49. h4 Be7 50. h5 h6 51. Bxf7 a5 52. Be8 c3 53. Bg6 a4 54. Bc2 Bg5 55. g4 Bd8 56. g5 Bxg5 0-1

[Event "Brasilia Terraviva op"]
[Site "Brasilia"]
[Date "2018.01.14"]
[Round "7"]
[White "Felix, Raimundo Nascimento"]
[Black "Taira, Erick Hideki"]
[Result "1/2-1/2"]
[WhiteElo "1879"]
[BlackElo "1752"]
[PlyCount "69"]
[EventDate "2018.01.11"]
[EventType "swiss"]
[EventRounds "7"]
[EventCountry "BRA"]
[SourceTitle "CBM 182 Extra"]
[Source "ChessBase"]
[SourceDate "2018.02.23"]
[SourceVersion "1"]
[SourceVersionDate "2018.02.23"]
[SourceQuality "1"]

1. e4 c5 2. Nc3 Nc6 3. Bb5 Nd4 4. Bc4 e6 5. Nf3 a6 6. a4 g6 7. Nxd4 cxd4 8. Ne2 Bg7 9. d3 Ne7 10. Nf4 0-0 11. 0-0 b6 12. Bb3 Bb7 13. Qe1 d5 14. f3 Kh8 15. Bd2 e5 16. Ne2 f5 17. Qh4 f4 18. g4 dxe4 19. fxe4 Nc6 20. Qxd8 Raxd8 21. Kg2 Bf6 22. Kf3 Bh4 23. Rh1 a5 24. Rag1 Be7 25. h4 h6 26. Rg2 Nb4 27. Bxb4 Bxb4 28. h5 g5 29. Ng1 Bc6 30. Ke2 Kg7 31. Nf3 Kf6 32. Nd2 Bxd2 33. Kxd2 Ke7 34. Rf1 Rd6 35. Ke2 1/2-1/2

[Event "Brasilia-ch"]
[Site "Brasilia"]
[Date "2017.11.18"]
[Round "5"]
[White "Felix, Luiza de Oliveira"]
[Black "Taira, Erick Hideki"]
[Result "0-1"]
[WhiteElo "1627"]
[BlackElo "1823"]
[PlyCount "46"]
[EventDate "2017.11.15"]
[EventType "swiss"]
[EventRounds "7"]
[EventCountry "BRA"]
[SourceTitle "EXT 2019"]
[Source "ChessBase"]
[SourceDate "2018.10.10"]
[SourceVersion "1"]
[SourceVersionDate "2018.10.10"]
[SourceQuality "1"]

1. c4 e5 2. g3 c6 3. Nc3 d5 4. cxd5 cxd5 5. Bg2 Be6 6. d3 Nc6 7. Nf3 f6 8. 0-0 Qd7 9. Re1 Nge7 10. Rb1 Nf5 11. a3 h5 12. e4 dxe4 13. dxe4 Nfd4 14. b4 Nxf3+ 15. Qxf3 Bg4 16. Qe3 Nd4 17. Qd2 h4 18. f4 hxg3 19. fxe5 Rxh2 20. Qf4 Nc2 21. Nd5 Nxe1 22. e6 Rxg2+ 23. Kf1 Rf2+ 0-1

[Event "Brasilia-ch"]
[Site "Brasilia"]
[Date "2017.11.17"]
[Round "4"]
[White "Taira, Erick Hideki"]
[Black "Valcarcel, Victor Ignacio Sant"]
[Result "1-0"]
[WhiteElo "1823"]
[BlackElo "1787"]
[PlyCount "127"]
[EventDate "2017.11.15"]
[EventType "swiss"]
[EventRounds "7"]
[EventCountry "BRA"]
[SourceTitle "EXT 2019"]
[Source "ChessBase"]
[SourceDate "2018.10.10"]
[SourceVersion "1"]
[SourceVersionDate "2018.10.10"]
[SourceQuality "1"]

1. c4 Nf6 2. Nc3 g6 3. Nf3 Bg7 4. g3 0-0 5. Bg2 e6 6. d4 d5 7. b3 b6 8. Ba3 Re8 9. 0-0 Bb7 10. Rc1 Nbd7 11. Qc2 Rc8 12. Rfd1 Bf8 13. Bxf8 Rxf8 14. cxd5 Nxd5 15. Nxd5 Bxd5 16. e4 Bb7 17. d5 Qe7 18. dxe6 Qxe6 19. Nd4 Qe8 20. Re1 Ne5 21. f4 c5 22. Nf5 gxf5 23. exf5 Bxg2 24. Qxg2 Nf3+ 25. Qxf3 Qc6 26. Qh5 Qf6 27. Re5 Rcd8 28. g4 h6 29. Rce1 Rd2 30. g5 Qc6 31. R5e2 Qd6 32. Rxd2 Qxd2 33. Qh4 Qd4+ 34. Qf2 Qd3 35. f6 Rd8 36. h4 Qf5 37. Kh2 Kh7 38. Re7 Rd3 39. Re3 Rd8 40. Re5 Qg4 41. Re3 Qf5 42. Kg3 h5 43. Qf3 Kg6 44. Re5 Qd3 45. f5+ Kh7 46. Qxd3 Rxd3+ 47. Kf2 Rd2+ 48. Re2 Rd4 49. Re7 Kg8 50. Re8+ Kh7 51. Rf8 Rxh4 52. Rxf7+ Kg8 53. Rg7+ Kf8 54. Kg3 Rg4+ 55. Kf3 Rg1 56. g6 Rf1+ 57. Ke4 Re1+ 58. Kf4 h4 59. Rxa7 Rf1+ 60. Kg4 Rg1+ 61. Kxh4 Rh1+ 62. Kg3 Ke8 63. f7+ Kf8 64. Ra8+ 1-0

[Event "Brasilia IRT Marista U2300"]
[Site "Brasilia"]
[Date "2017.08.13"]
[Round "5.1"]
[White "Valcarcel, Victor Ignacio Sant"]
[Black "Taira, Erick Hideki"]
[Result "0-1"]
[WhiteElo "1757"]
[BlackElo "1751"]
[PlyCount "76"]
[EventDate "2017.08.12"]
[EventType "swiss"]
[EventRounds "5"]
[EventCountry "BRA"]
[SourceTitle "EXT 2022"]
[Source "ChessBase"]
[SourceDate "2021.10.06"]
[SourceVersion "1"]
[SourceVersionDate "2021.10.06"]
[SourceQuality "1"]

1. e4 c5 2. Nf3 Nc6 3. Be2 g6 4. c3 d5 5. exd5 Qxd5 6. 0-0 Bg7 7. d3 Nf6 8. Be3 0-0 9. d4 cxd4 10. Nxd4 Ne5 11. Nd2 Neg4 12. N2f3 Nxe3 13. fxe3 Ng4 14. Nc2 Qc5 15. Nfd4 Nf6 16. Bf3 Qb6 17. Nb3 e5 18. g3 Bf5 19. Re1 Rad8 20. Qe2 Bh6 21. Kf2 Bd3 22. Qd2 Bc4 23. Qc1 Nd5 24. Nd2 Bd3 25. Bxd5 Rxd5 26. Nb4 Rd6 27. Nxd3 Rxd3 28. Nc4 Qf6+ 29. Kg1 b5 30. Na3 Qf3 31. Nc2 Rfd8 32. Rf1 Qe2 33. Re1 Qf3 34. Rf1 Qe4 35. Qe1 Rd2 36. Rf2 Rxc2 37. Qb1 Bxe3 38. Qxc2 Qxc2 0-1

[Event "Brasilia Viva op"]
[Site "Brasilia"]
[Date "2017.04.30"]
[Round "4"]
[White "Leao, Flavio Sanchez"]
[Black "Taira, Erick Hideki"]
[Result "0-1"]
[WhiteElo "1835"]
[BlackElo "1691"]
[PlyCount "80"]
[EventDate "2017.04.28"]
[EventType "swiss"]
[EventRounds "7"]
[EventCountry "BRA"]
[SourceTitle "CBM 178 Extra"]
[Source "ChessBase"]
[SourceDate "2017.06.22"]
[SourceVersion "1"]
[SourceVersionDate "2017.06.22"]
[SourceQuality "1"]

1. e4 c5 2. Nf3 Nc6 3. d4 cxd4 4. Nxd4 g6 5. Be3 Bg7 6. Nc3 Nf6 7. Be2 0-0 8. Qd2 d6 9. 0-0-0 a6 10. Nxc6 bxc6 11. Bh6 Qb6 12. Bxg7 Kxg7 13. f3 Be6 14. g4 Rfb8 15. b3 a5 16. Na4 Qb4 17. Qxb4 axb4 18. Kb2 c5 19. c4 bxc3+ 20. Nxc3 c4 21. Nd5 cxb3 22. axb3 Nxd5 23. exd5 Bd7 24. Ra1 Rxa1 25. Rxa1 Bb5 26. Re1 Kf6 27. Bxb5 Rxb5 28. g5+ Kxg5 29. Rxe7 Kf6 30. Rd7 Rxd5 31. b4 Ke6 32. Rc7 Rd2+ 33. Kc3 Rxh2 34. b5 Rh1 35. Kb2 Rh5 36. Rb7 Rf5 37. Kb3 Rxf3+ 38. Kb4 Rf1 39. Ka5 Ra1+ 40. Kb6 h5 0-1

[Event "Brasilia Viva op"]
[Site "Brasilia"]
[Date "2017.04.29"]
[Round "3"]
[White "Taira, Erick Hideki"]
[Black "De Siqueira, Luigy Lira"]
[Result "1-0"]
[WhiteElo "1691"]
[BlackElo "1800"]
[PlyCount "131"]
[EventDate "2017.04.28"]
[EventType "swiss"]
[EventRounds "7"]
[EventCountry "BRA"]
[SourceTitle "CBM 178 Extra"]
[Source "ChessBase"]
[SourceDate "2017.06.22"]
[SourceVersion "1"]
[SourceVersionDate "2017.06.22"]
[SourceQuality "1"]

1. e4 e5 2. Nf3 Nc6 3. d4 exd4 4. Nxd4 Bc5 5. Nb3 Bb6 6. Nc3 Nf6 7. Qe2 d6 8. Be3 Qe7 9. f3 Bd7 10. 0-0-0 0-0-0 11. Bxb6 cxb6 12. Qd2 Be6 13. Nd5 Bxd5 14. exd5 Nb8 15. g3 Qc7 16. Bh3+ Nbd7 17. Nd4 Kb8 18. Kb1 a6 19. Nf5 Rhg8 20. Rhe1 Ne5 21. Qf2 Qc5 22. Qxc5 bxc5 23. Bg2 Ng6 24. c4 b5 25. b3 Kc7 26. Kc2 Rde8 27. Rxe8 Nxe8 28. Re1 Nf6 29. Kd2 Ne5 30. f4 Ng6 31. Bf3 b4 32. Re2 a5 33. Ne7 Re8 34. Nc6 Rxe2+ 35. Kxe2 Kb6 36. Nd8 Nh8 37. Ke3 h5 38. f5 Nd7 39. Bxh5 Ne5 40. Nc6 Nxc6 41. dxc6 Kxc6 42. Kf4 f6 43. Ke4 Kd7 44. Kd5 Kc7 45. Ke6 Kc6 46. Ke7 d5 47. Bf3 g6 48. Bxd5+ Kc7 49. Kxf6 gxf5 50. Kg7 Kd6 51. Kxh8 Ke5 52. Kg7 f4 53. gxf4+ Kxf4 54. Kf6 Ke3 55. h4 Kd3 56. h5 Kc2 57. h6 Kb2 58. h7 Kxa2 59. h8Q Kxb3 60. Qh3+ Ka2 61. Qg2+ Ka3 62. Qf3+ b3 63. Qc3 a4 64. Bc6 Ka2 65. Bxa4 b2 66. Bc2 1-0

[Event "BRA-ch U14"]
[Site "Brasilia"]
[Date "2017.04.23"]
[Round "6"]
[White "Taira, Erick Hideki"]
[Black "Da Veiga, Pedro Miguel Back"]
[Result "1/2-1/2"]
[WhiteElo "1691"]
[BlackElo "1743"]
[PlyCount "88"]
[EventDate "2017.04.21"]
[EventType "swiss"]
[EventRounds "6"]
[EventCountry "BRA"]
[SourceTitle "CBM 177 Extra"]
[Source "ChessBase"]
[SourceDate "2017.04.27"]
[SourceVersion "1"]
[SourceVersionDate "2017.04.27"]
[SourceQuality "1"]

1. e4 e5 2. Nf3 Nc6 3. d4 exd4 4. Nxd4 Be7 5. Nc3 Bb4 6. Nxc6 Bxc3+ 7. bxc3 bxc6 8. Bd3 Ne7 9. 0-0 0-0 10. Rb1 d5 11. c4 dxc4 12. Bxc4 Qxd1 13. Rxd1 Be6 14. Bxe6 fxe6 15. Rd7 Rfd8 16. Rxd8+ Rxd8 17. f3 Rd1+ 18. Kf2 Ng6 19. Rb8+ Kf7 20. Be3 Ra1 21. Rb7 Rxa2 22. Rxc7+ Ne7 23. Bg5 Rxc2+ 24. Kg3 a5 25. Rxe7+ Kg6 26. Rxe6+ Kxg5 27. h4+ Kh5 28. Kh3 g6 29. Re5+ Kh6 30. Rxa5 c5 31. e5 Kg7 32. Ra7+ Kf8 33. Rxh7 Re2 34. f4 c4 35. Rc7 Re3+ 36. g3 c3 37. Kg4 Kg8 38. e6 Kf8 39. Rc6 Ke7 40. Kh3 Kf6 41. e7+ Kxe7 42. Kg2 Kd7 43. Rc4 Ke6 44. Kf2 Rd3 1/2-1/2